|
|
|
|
| LEADER |
00728cam a2200217 7i4500 |
| 001 |
0000035260 |
| 005 |
20210105090000.0 |
| 008 |
110324 eng |
| 020 |
|
|
|a 9780781798204 (pbk.)
|
| 020 |
|
|
|a 0781798205 (pbk.)
|
| 040 |
|
|
|a DLC
|
| 090 |
0 |
0 |
|a RT55
|b .N86 2009
|
| 245 |
0 |
0 |
|a NCLEX-RN :
|b an incredibly easy! workout.
|
| 260 |
|
|
|a Philadelphia:
|b Wolters Kluwer/Lippincott Williams & Wilkins,
|c 2009.
|
| 300 |
|
|
|a 241 p.:
|b col. ill.;
|c 26cm.
|
| 490 |
0 |
|
|a Incredibly easy workout
|
| 650 |
0 |
0 |
|a National Council Licensure Examination for Registered Nurse
|
| 650 |
0 |
0 |
|a Nursing
|
| 997 |
|
|
|a Health Sciences, Faculty
|
| 998 |
|
|
|a Nursing, Diploma
|
| 999 |
|
|
|a 0000046582
|b BOK
|c OPEN SHELF
|e 1st Floor, Shah Alam
|